000
00226nmm a2200085Ia 4500
008
220120s9999||||xx |||||||||||||||||und||
100
_a
Digit
245
0
_a
Now archieved 36 issues of digit with search functionaly
260
_c
2004
999
_c
138606
_d
138606